000
00296nam a2200121Ia 4500
008
190216s9999||||xx |||||||||||||| ||und||
100
_a
Kostovskii
245
0
_a
Geometrical Constructions With Compasses Only
260
_b
Mir Pubs Moscow
300
_a
77p
650
_a
Mathematics
942
_c
BK
999
_c
31026
_d
31026